[Event "Lloyds Bank Masters 18th"]
[Site "London"]
[Date "1994.08.27"]
[Round "8"]
[White "Kaminski, Marcin"]
[Black "Levitt, Jonathan"]
[Result "1-0"]
[WhiteElo "2440"]
[BlackElo "2425"]
[PlyCount "79"]
[EventDate "1994.08.20"]
[EventType "swiss"]
[EventRounds "10"]
[EventCountry "ENG"]
[SourceTitle "BritBase"]

1. e4 e6 2. d4 d5 3. Nc3 Bb4 4. exd5 exd5 5. Bd3 Nc6 6. a3 Bxc3+ 7. bxc3 Be6 8.
Rb1 Na5 9. Qf3 Ne7 10. Nh3 Bxh3 11. Qxh3 Qd7 12. Qh5 g6 13. Qf3 f5 14. O-O c6
15. Bf4 O-O 16. h4 Rae8 17. h5 Nc8 18. hxg6 hxg6 19. Qg3 Re6 20. Rfe1 Rfe8 21.
Rxe6 Qxe6 22. Be5 Re7 23. Qh4 Nd6 24. Qh8+ Kf7 25. f4 Ne4 26. Rf1 Nf6 27. Rf3
Re8 28. Qh6 Rg8 29. g4 Nxg4 30. Qh7+ Ke8 31. Qc7 Qd7 32. Qb8+ Kf7 33. Qxa7 Nxe5
34. dxe5 Nc4 35. Rh3 Ke6 36. Qd4 Nxa3 37. Rh6 Qg7 38. Bxf5+ Kxf5 39. Qd3+ Ke6
40. Qh3+ 1-0

[Event "Lloyds Bank Masters 18th"]
[Site "London"]
[Date "1994.08.27"]
[Round "8"]
[White "King, Daniel J"]
[Black "Gunawan, Ronny"]
[Result "1-0"]
[WhiteElo "2495"]
[BlackElo "2420"]
[PlyCount "109"]
[EventDate "1994.08.20"]
[EventType "swiss"]
[EventRounds "10"]
[EventCountry "ENG"]
[SourceTitle "BritBase"]

1. g3 g6 2. Bg2 Bg7 3. e4 c5 4. d3 Nc6 5. f4 e6 6. Nf3 Nge7 7. O-O O-O 8. c3
Rb8 9. Be3 b6 10. Na3 Bb7 11. Bf2 d6 12. Qd2 Ba6 13. Nc2 e5 14. Rfe1 exf4 15.
gxf4 Qc7 16. d4 Rfe8 17. Rad1 Rbd8 18. d5 Na5 19. b3 Bc8 20. Ne3 Nb7 21. Bh4 f6
22. c4 Rf8 23. Bg3 Bh6 24. Qd3 Rde8 25. e5 Bf5 26. Qc3 Bg7 27. e6 Be4 28. Nd2
f5 29. Qc1 Bxg2 30. Kxg2 b5 31. cxb5 Qa5 32. a4 Bd4 33. Nf3 a6 34. Nc4 Qb4 35.
bxa6 Na5 36. Nxa5 Qxa5 37. Nxd4 cxd4 38. Rxd4 Rc8 39. Qd2 Qxa6 40. Bh4 Rfe8 41.
Qd3 Qa5 42. Re3 Rc1 43. Bxe7 Rxe7 44. Rc4 Rxc4 45. Qxc4 Qd2+ 46. Re2 Qd1 47. h3
Kf8 48. Rc2 Kg7 49. a5 h5 50. Kh2 Kh6 51. Rc1 Qf3 52. Qd4 Ra7 53. Qh8+ Rh7 54.
Qf8+ Rg7 55. Qxd6 1-0

[Event "Lloyds Bank Masters 18th"]
[Site "London"]
[Date "1994.08.27"]
[Round "8"]
[White "Kwiatkowski, Feliks Jerzy"]
[Black "Regan, Natasha"]
[Result "1/2-1/2"]
[WhiteElo "2260"]
[BlackElo "2115"]
[PlyCount "150"]
[EventDate "1994.08.20"]
[EventType "swiss"]
[EventRounds "10"]
[EventCountry "ENG"]
[SourceTitle "BritBase"]

1. e4 Nf6 2. e5 Nd5 3. d4 d6 4. Nf3 g6 5. Bc4 Nb6 6. Bb3 Bg7 7. Qe2 Nc6 8. O-O
O-O 9. h3 Na5 10. Bg5 Nxb3 11. axb3 Qe8 12. Nc3 Be6 13. Rfe1 Qd7 14. Rad1 h6
15. Bc1 c6 16. Ne4 Rae8 17. c4 f5 18. Nc3 d5 19. c5 Nc8 20. Nh4 Kh7 21. f4 Rg8
22. b4 Ref8 23. Kh1 Qe8 24. Rg1 Bh8 25. Nf3 Qd7 26. Rdf1 Qc7 27. Be3 a6 28. Bd2
Na7 29. Qe1 Qd7 30. Nd1 Nb5 31. Qh4 Kg7 32. g4 Kf7 33. Ne3 Bg7 34. Rg2 Ke8 35.
Qg3 Bh8 36. Rfg1 fxg4 37. hxg4 h5 38. Bc3 hxg4 39. Nxg4 Bg7 40. Ng5 Bf5 41. Re1
Nc7 42. Kg1 Bxg4 43. Qxg4 Qxg4 44. Rxg4 Bh6 45. Nh3 Ne6 46. Rf1 Rf5 47. Rh4 Rh5
48. Rxh5 gxh5+ 49. Kh2 Rg4 50. f5 Nxd4 51. f6 Ne6 52. Rf5 d4 53. Be1 d3 54.
Rxh5 d2 55. Bxd2 Bxd2 56. Rh7 exf6 57. exf6 Nd8 58. Re7+ Kf8 59. Rd7 Bxb4 60.
Rxd8+ Kf7 61. Nf2 Rc4 62. Rd7+ Kxf6 63. Rxb7 Bxc5 64. Nd3 Bd4 65. Kg2 Kf5 66.
Kf3 Rc2 67. Rf7+ Ke6 68. Rb7 a5 69. Ke4 Bf6 70. b4 Rc4+ 71. Kf3 axb4 72. Rxb4
Kd5 73. Rb7 Kd4 74. Nb4 Kc3 75. Rb6 Bd4 1/2-1/2

[Event "Lloyds Bank Masters 18th"]
[Site "London"]
[Date "1994.08.27"]
[Round "8"]
[White "Lau, Ralf"]
[Black "Sakhatova, Elvira->Berend"]
[Result "1-0"]
[WhiteElo "2515"]
[BlackElo "2300"]
[PlyCount "131"]
[EventDate "1994.08.20"]
[EventType "swiss"]
[EventRounds "10"]
[EventCountry "ENG"]
[SourceTitle "BritBase"]

1. e4 c5 2. Nf3 g6 3. d4 Bg7 4. dxc5 Qa5+ 5. c3 Qxc5 6. Be3 Qc7 7. h3 Nc6 8.
Bd3 Nf6 9. O-O O-O 10. Nbd2 d5 11. Re1 dxe4 12. Nxe4 Nd5 13. Bg5 Rd8 14. Qb1 b6
15. Bh4 Ne5 16. Nxe5 Bxe5 17. Qc2 Bb7 18. Rad1 Nf4 19. Bf1 Rxd1 20. Qxd1 Rd8
21. Qa4 Bd5 22. Bg3 Ne6 23. Re3 Bxg3 24. Nxg3 Nf4 25. Ne4 Bc6 26. Qc2 Qb7 27.
g3 Nh5 28. Nd2 Ng7 29. Nc4 Nf5 30. Re1 Qc7 31. Ne5 Bd5 32. Re2 Ba8 33. Bg2 Bxg2
34. Kxg2 Qc5 35. Nf3 Qc6 36. Re4 e6 37. Qe2 Qd5 38. Ra4 a5 39. a3 Qd7 40. Re4
Qd5 41. Re5 Qd6 42. Qb5 Qc7 43. Re4 Qb7 44. Qe2 Qd5 45. Re5 Qd6 46. Qa6 Qc7 47.
Re4 Qc6 48. Qc4 Qb7 49. Re2 Rc8 50. Qd3 Rc5 51. Qd8+ Kg7 52. Rd2 Rc8 53. Qd7
Rc7 54. Qa4 Qa8 55. Qf4 Qc6 56. Kg1 Qc4 57. Qxc4 Rxc4 58. Rd7 Nh6 59. Rb7 Rc6
60. g4 g5 61. Nxg5 Kg6 62. Nf3 f6 63. Nh4+ Kg5 64. Ng2 Kg6 65. Nf4+ Kg5 66. Nh5
1-0

[Event "Lloyds Bank Masters 18th"]
[Site "London"]
[Date "1994.08.27"]
[Round "8"]
[White "Law, Andrew P"]
[Black "Ward, Christopher R"]
[Result "0-1"]
[WhiteElo "2375"]
[BlackElo "2490"]
[PlyCount "50"]
[EventDate "1994.08.20"]
[EventType "swiss"]
[EventRounds "10"]
[EventCountry "ENG"]
[SourceTitle "BritBase"]

1. d4 Nf6 2. c4 e6 3. Nc3 Bb4 4. Qc2 d5 5. cxd5 exd5 6. Bg5 h6 7. Bh4 c5 8.
dxc5 g5 9. Bg3 Ne4 10. e3 Qa5 11. Nge2 Bf5 12. Be5 O-O 13. Nd4 Nxc3 14. Nxf5
Ne4+ 15. Kd1 Nc6 16. Bg3 Bxc5 17. f3 Rfd8 18. Nxh6+ Kg7 19. Nxf7 Kxf7 20. fxe4
dxe4+ 21. Kc1 Bxe3+ 22. Kb1 Kg7 23. a3 Rd2 24. Qxe4 Bd4 25. b4 Rd1+ 0-1

[Event "Lloyds Bank Masters 18th"]
[Site "London"]
[Date "1994.08.27"]
[Round "8"]
[White "Mainka, Romuald"]
[Black "Alterman, Boris"]
[Result "1-0"]
[WhiteElo "2485"]
[BlackElo "2585"]
[PlyCount "102"]
[EventDate "1994.08.20"]
[EventType "swiss"]
[EventRounds "10"]
[EventCountry "ENG"]
[SourceTitle "BritBase"]

1. e4 c5 2. Nf3 d6 3. d4 cxd4 4. Nxd4 Nf6 5. Nc3 g6 6. Be3 Bg7 7. Qd2 O-O 8. f3
Nc6 9. O-O-O d5 10. Qe1 e6 11. h4 Qc7 12. h5 Nxh5 13. g4 Nxd4 14. Bxd4 Bxd4 15.
Rxd4 Qe5 16. Qd2 Ng3 17. Rg1 dxe4 18. f4 Nxf1 19. Rxf1 Qg7 20. g5 e5 21. Rd6 e3
22. Qxe3 exf4 23. Qxf4 Bh3 24. Rf2 Rae8 25. Nd5 Re1+ 26. Kd2 Qe5 27. Rh2 h5 28.
Qxe5 Rxe5 29. Rxh3 Rxg5 30. c4 Kg7 31. Rd7 Rg4 32. Kd3 Kh6 33. Rxb7 f5 34. Rd7
f4 35. Rf3 h4 36. c5 Rg3 37. Ke2 g5 38. Rd6+ Kg7 39. c6 h3 40. Rf2 f3+ 41. Ke3
Rg2 42. Rxf3 Rxf3+ 43. Kxf3 g4+ 44. Kf4 Rf2+ 45. Kg5 h2 46. c7 Rf8 47. Rd7+ Kh8
48. Rd8 h1=Q 49. Rxf8+ Kg7 50. c8=Q Qxd5+ 51. Rf5 Qd2+ 1-0

[Event "Lloyds Bank Masters 18th"]
[Site "London"]
[Date "1994.08.27"]
[Round "8"]
[White "Markowski, Tomasz"]
[Black "Webb, Richard M"]
[Result "1-0"]
[WhiteElo "2475"]
[BlackElo "2310"]
[PlyCount "101"]
[EventDate "1994.08.20"]
[EventType "swiss"]
[EventRounds "10"]
[EventCountry "ENG"]
[SourceTitle "BritBase"]

1. g3 c5 2. Bg2 g6 3. c4 Bg7 4. Nc3 Nc6 5. b3 e5 6. Bb2 Nge7 7. d3 d6 8. Nf3
O-O 9. O-O h6 10. Nd2 Be6 11. a3 Qd7 12. Nd5 Bg4 13. Nxe7+ Qxe7 14. h3 Be6 15.
Bc3 Qd7 16. Kh2 d5 17. b4 cxb4 18. axb4 dxc4 19. dxc4 f5 20. Qa4 e4 21. Bxg7
Qxg7 22. b5 Ne5 23. c5 Rfc8 24. Rfc1 Kh7 25. Nxe4 fxe4 26. Qxe4 Bd7 27. Qb4 Be6
28. Ra3 Re8 29. f4 Nc4 30. Rxc4 Bxc4 31. Qxc4 Re7 32. Bf3 Qb2 33. Ra2 Qf6 34.
Bd5 a6 35. b6 Rc8 36. e4 h5 37. h4 Rd7 38. Rc2 Rcd8 39. Rf2 Qa1 40. f5 Qe1 41.
fxg6+ Kxg6 42. Qd4 Kh7 43. Qf6 Rg7 44. Qf5+ Kh6 45. Qf4+ Kh7 46. Qf3 Kh6 47.
Bf7 Qd1 48. Qf6+ Kh7 49. Bxh5 Qd3 50. Qf5+ Kh8 51. Bg6 1-0

[Event "Lloyds Bank Masters 18th"]
[Site "London"]
[Date "1994.08.27"]
[Round "8"]
[White "McDonald, Neil R"]
[Black "Mestel, A Jonathan"]
[Result "1/2-1/2"]
[WhiteElo "2420"]
[BlackElo "2520"]
[PlyCount "118"]
[EventDate "1994.08.20"]
[EventType "swiss"]
[EventRounds "10"]
[EventCountry "ENG"]
[SourceTitle "BritBase"]

1. e4 c5 2. Nf3 d6 3. d4 cxd4 4. Nxd4 Nf6 5. Nc3 g6 6. Be3 Bg7 7. f3 O-O 8. Qd2
Nc6 9. O-O-O d5 10. exd5 Nxd5 11. Nxc6 bxc6 12. Bd4 e5 13. Bc5 Be6 14. Bc4 Qh4
15. Bxd5 cxd5 16. Bxf8 Rxf8 17. Nxd5 Bh6 18. f4 exf4 19. Kb1 f3 20. g3 Bxd2 21.
gxh4 Bxd5 22. Rxd2 Bc4 23. Rf2 Be2 24. Rc1 Kg7 25. c4 Kh6 26. Rc3 Kh5 27. Ra3
Kxh4 28. Rxa7 g5 29. c5 g4 30. Kc2 h5 31. Kd2 f5 32. c6 f4 33. Rg7 Rd8+ 34. Rd7
Rc8 35. Rd4 Rxc6 36. Rxf4 Rd6+ 37. Ke3 Rd3+ 38. Ke4 Rd2 39. b4 Rxa2 40. Ke3 Kh3
41. Rf6 h4 42. Rh6 Ra8 43. Rb6 Re8+ 44. Kf4 Rh8 45. Ke3 g3 46. hxg3 hxg3 47.
Rxe2 fxe2 48. Kxe2 g2 49. Rg6 Kh2 50. Kf2 Kh1 51. Rxg2 Rf8+ 52. Ke3 Kxg2 53.
Kd4 Kf3 54. b5 Rf5 55. Kc4 Ke4 56. b6 Rf1 57. Kc5 Ke5 58. b7 Rb1 59. Kc6 Rxb7
1/2-1/2

[Event "Lloyds Bank Masters 18th"]
[Site "London"]
[Date "1994.08.27"]
[Round "8"]
[White "Mithrakanth, Poorna Sharma"]
[Black "Thipsay, Praveen Mahadeo"]
[Result "0-1"]
[WhiteElo "2460"]
[BlackElo "2505"]
[PlyCount "118"]
[EventDate "1994.08.20"]
[EventType "swiss"]
[EventRounds "10"]
[EventCountry "ENG"]
[SourceTitle "BritBase"]

1. e4 e5 2. Nf3 Nc6 3. Bb5 a6 4. Ba4 Nf6 5. O-O Be7 6. Re1 b5 7. Bb3 O-O 8. c3
d6 9. h3 Na5 10. Bc2 c5 11. d4 Qc7 12. Nbd2 cxd4 13. cxd4 Bd7 14. Nf1 Rac8 15.
Ne3 Nc6 16. d5 Nb4 17. Bb1 a5 18. a3 Na6 19. b4 axb4 20. axb4 Qb7 21. Bd2 Bd8
22. Bd3 Bb6 23. g4 Ra8 24. Qe2 Nc7 25. Nf5 Rxa1 26. Rxa1 Nfe8 27. Kh2 f6 28.
Be3 Bxe3 29. Qxe3 Na6 30. Ra5 Rf7 31. Qe2 Nxb4 32. Bxb5 Bxf5 33. Bxe8 Rf8 34.
gxf5 Rxe8 35. Qb5 Qxb5 36. Rxb5 Nd3 37. Kg3 Rc8 38. Nh4 Rc2 39. Rb8+ Kf7 40.
Rb7+ Kf8 41. Rb8+ Ke7 42. Rb7+ Ke8 43. Rb8+ Ke7 44. Rb7+ Kd8 45. Rxg7 Nxf2 46.
Rxh7 Nxe4+ 47. Kg4 Nc3 48. Ng6 Nxd5 49. Kf3 Rc3+ 50. Kf2 e4 51. Rh8+ Kd7 52.
Nf8+ Ke7 53. Ng6+ Kf7 54. Rh7+ Kg8 55. Rd7 Rf3+ 56. Ke1 Rxf5 57. Rxd6 Kf7 58.
Nh4 Rh5 59. Ng2 Ke7 0-1

[Event "Lloyds Bank Masters 18th"]
[Site "London"]
[Date "1994.08.27"]
[Round "8"]
[White "Morozevich, Alexander"]
[Black "Petursson, Margeir"]
[Result "1-0"]
[WhiteElo "2575"]
[BlackElo "2540"]
[PlyCount "69"]
[EventDate "1994.08.20"]
[EventType "swiss"]
[EventRounds "10"]
[EventCountry "ENG"]
[SourceTitle "BritBase"]

1. e4 c5 2. Nf3 Nc6 3. Bb5 d6 4. O-O Bd7 5. Re1 Nf6 6. c3 a6 7. Bf1 Bg4 8. d4
cxd4 9. cxd4 d5 10. e5 Ng8 11. Be3 e6 12. a3 Nge7 13. Nbd2 Nf5 14. Bd3 Be7 15.
Qb1 ({The bulletin gave} 15. Bb1 {but 15.Qb1 was the move played.}) 15... Qd7
16. b4 Bh5 17. Ra2 O-O 18. h3 Kh8 19. Rf1 Rac8 20. g4 Nxe3 21. fxe3 Bg6 22.
Bxg6 hxg6 23. Nb3 Na7 24. Nc5 Qc6 25. a4 b6 26. Nd3 Kg8 27. h4 Qd7 28. g5 Rc3
29. h5 gxh5 30. Nf4 Rxe3 31. Nxh5 Qc6 32. Nf6+ Bxf6 33. gxf6 g6 34. Rc2 Qd7 35.
Qc1 1-0

[Event "Lloyds Bank Masters 18th"]
[Site "London"]
[Date "1994.08.27"]
[Round "8"]
[White "Moskovic, David M"]
[Black "Slutzky, Leonid"]
[Result "1/2-1/2"]
[WhiteElo "2065"]
[BlackElo "2340"]
[PlyCount "90"]
[EventDate "1994.08.20"]
[EventType "swiss"]
[EventRounds "10"]
[EventCountry "ENG"]
[SourceTitle "BritBase"]

1. e4 c5 2. Nf3 Nc6 3. g3 g6 4. Bg2 Bg7 5. O-O d6 6. d3 e5 7. Nbd2 Nge7 8. c3
O-O 9. a3 h6 10. b4 b6 11. Bb2 Be6 12. Rb1 Qd7 13. d4 exd4 14. cxd4 Nxd4 15.
Nxd4 cxd4 16. Nf3 Bc4 17. Re1 Nc6 18. Nxd4 Ne5 19. Bf1 Bxf1 20. Rxf1 Nc4 21.
Qd3 Rac8 22. f4 Rfe8 23. Ba1 f5 24. Rfe1 fxe4 25. Rxe4 d5 26. Rxe8+ Qxe8 27.
Nc2 Qe4 28. Qxe4 dxe4 29. Bxg7 Kxg7 30. Kf2 Nd2 31. Rb2 Rc3 32. Nd4 Rxa3 33.
Nb5 Rf3+ 34. Ke2 Nf1 35. Ra2 Nxh2 36. Rxa7+ Kf6 37. Nd6 Rb3 38. Nxe4+ Kf5 39.
Nd6+ Ke6 40. Nc8 Rxb4 41. Ra6 Rb2+ 42. Kd3 Rb3+ 43. Ke4 Rxg3 44. Nxb6 Ng4 45.
Nd5+ Kd7 1/2-1/2

[Event "Lloyds Bank Masters 18th"]
[Site "London"]
[Date "1994.08.27"]
[Round "8"]
[White "Murugan, Krishnamoorthy"]
[Black "Chernin, Alexander"]
[Result "0-1"]
[WhiteElo "2440"]
[BlackElo "2615"]
[PlyCount "33"]
[EventDate "1994.08.20"]
[EventType "swiss"]
[EventRounds "10"]
[EventCountry "ENG"]
[SourceTitle "BritBase"]

1. d4 Nf6 2. c4 c5 3. d5 b5 4. cxb5 a6 5. bxa6 g6 6. Nc3 Bxa6 7. Nf3 d6 8. Nd2
Bg7 9. e4 Qa5 10. Bxa6 Qxa6 {the only score sheet was illegible; 0-1 c.84.} 11.
Qe2 O-O 12. Nc4 Nfd7 13. a4 Ne5 14. Nxe5 Bxe5 15. Bh6 Re8 16. Qxa6 Nxa6 17.
O-O-O {... 84 moves} 0-1

[Event "Lloyds Bank Masters 18th"]
[Site "London"]
[Date "1994.08.27"]
[Round "8"]
[White "Parker, Jonathan"]
[Black "Brown, Simon D"]
[Result "1-0"]
[WhiteElo "2400"]
[BlackElo "2295"]
[PlyCount "65"]
[EventDate "1994.08.20"]
[EventType "swiss"]
[EventRounds "10"]
[EventCountry "ENG"]
[SourceTitle "BritBase"]

1. d4 e6 2. c4 d5 3. Nf3 Nf6 4. Nc3 c5 5. cxd5 exd5 6. Bg5 Be7 7. dxc5 O-O 8.
e3 Be6 9. Be2 Nbd7 10. O-O Nxc5 11. Nd4 h6 12. Bf4 Qb6 13. Nxe6 fxe6 14. Rb1
Nfe4 15. Nxe4 Nxe4 16. Bd3 Nf6 17. Be5 Bd6 18. Bxf6 Rxf6 19. Bc2 Raf8 20. Qd3
g6 21. g3 h5 22. h4 Bc7 23. Kg2 Kg7 24. Bb3 Qc6 25. f3 Bb6 26. Rbc1 Qd6 27. f4
d4 28. e4 e5 29. f5 Bc7 30. Rf3 gxf5 31. exf5 e4 32. Qxe4 Rxf5 33. Rxc7+ 1-0

[Event "Lloyds Bank Masters 18th"]
[Site "London"]
[Date "1994.08.27"]
[Round "8"]
[White "Pert, Richard G"]
[Black "Rosenberg, Daniel"]
[Result "1-0"]
[WhiteElo "2050"]
[BlackElo "2205"]
[PlyCount "80"]
[EventDate "1994.08.20"]
[EventType "swiss"]
[EventRounds "10"]
[EventCountry "ENG"]
[SourceTitle "BritBase"]

1. e4 c5 2. Nf3 Nc6 3. d4 cxd4 4. Nxd4 Nf6 5. Nc3 e5 6. Ndb5 d6 7. Nd5 Nxd5 8.
exd5 Ne7 9. c4 Ng6 10. Bd3 Be7 11. O-O O-O 12. b4 a6 13. Nc3 f5 14. Qb3 Kh8 15.
Re1 e4 16. Bf1 Nh4 17. Ne2 Bf6 18. Rb1 Be5 19. Bf4 Ng6 20. Bxe5 Nxe5 21. Nf4
Qg5 22. Qg3 Qe7 23. Qc3 g5 24. Ne2 Qf6 25. Rb3 Bd7 26. Nd4 b6 27. c5 bxc5 28.
bxc5 dxc5 29. Qxc5 Ng4 30. h3 Rac8 31. Qb6 Qxb6 32. Rxb6 Nf6 33. Bxa6 Ra8 34.
Rd6 Rf7 35. Rc1 Ne8 36. Rb6 Rf6 37. Ne6 Ng7 38. Rc7 Bxe6 39. dxe6 Rxe6 40. Rbb7
Rexa6 1-0

[Event "Lloyds Bank Masters 18th"]
[Site "London"]
[Date "1994.08.27"]
[Round "8"]
[White "Pickersgill, Adrian"]
[Black "Bates, Richard"]
[Result "0-1"]
[WhiteElo "2150"]
[BlackElo "2285"]
[PlyCount "142"]
[EventDate "1994.08.20"]
[EventType "swiss"]
[EventRounds "10"]
[EventCountry "ENG"]
[SourceTitle "BritBase"]

1. e4 c5 2. Nf3 d6 3. d4 cxd4 4. Nxd4 Nf6 5. Nc3 a6 6. f4 Qc7 7. a4 g6 8. Bd3
Bg7 9. Nf3 Nbd7 10. O-O O-O 11. Qe1 b6 12. Qh4 Bb7 13. Kh1 e6 14. f5 Rae8 15.
fxg6 fxg6 16. Bh6 Qc5 17. Ng5 Qb4 18. Rae1 Qxb2 19. Nd1 Qd4 20. Ne3 Bxh6 21.
Qxh6 Re7 22. Bc4 d5 23. exd5 Nxd5 24. Rxf8+ Nxf8 25. Bxd5 exd5 26. Rf1 Qg7 27.
Ng4 Qxh6 28. Nxh6+ Kg7 29. Ng4 Nd7 30. h4 h6 31. Nf3 Re4 32. Nf2 Rxa4 33. Re1
Kf7 34. c3 Rf4 35. Kh2 Nc5 36. Kg3 Rf5 37. Ng4 Ne4+ 38. Kh2 Rf4 39. g3 Rxf3 40.
Ne5+ Kf6 41. Nxf3 Nxc3 42. Re8 Ne4 43. Nd4 Nc5 44. Kg2 b5 45. Kf3 b4 46. Ke3 a5
47. Rb8 a4 48. Nc2 b3 49. Na3 Ke5 50. Re8+ Ne6 51. Kd3 h5 52. Re7 Kd6 53. Rf7
Bc6 54. Kc3 Be8 55. Rf2 Ke5 56. Kb4 Nd4 57. Rf1 Bd7 58. Re1+ Kd6 59. Rd1 Nc2+
60. Nxc2 bxc2 61. Ra1 Ke5 62. Kc3 Bf5 63. Kd2 Be4 64. Rxa4 Kf5 65. Ra3 Kg4 66.
Rc3 Kh3 67. Re3 Kg2 68. Rc3 Bf5 69. Ke3 Kxg3 70. Kd4+ Kf2 71. Kxd5 Ke2 0-1

[Event "Lloyds Bank Masters 18th"]
[Site "London"]
[Date "1994.08.27"]
[Round "8"]
[White "Poulton, James"]
[Black "Wilson, Jonathan"]
[Result "0-1"]
[WhiteElo "2330"]
[BlackElo "2190"]
[PlyCount "52"]
[EventDate "1994.08.20"]
[EventType "swiss"]
[EventRounds "10"]
[EventCountry "ENG"]
[SourceTitle "BritBase"]

1. d4 f5 2. c4 Nf6 3. Nc3 g6 4. g3 Bg7 5. Bg2 O-O 6. Nf3 d6 7. O-O Qe8 8. b3
Na6 9. a4 c6 10. Ba3 Nc7 11. Qc2 a5 12. Rfe1 Kh8 13. Rad1 Rb8 14. e4 fxe4 15.
Nxe4 Bf5 16. Nh4 Nxe4 17. Nxf5 gxf5 18. f3 Ng5 19. Bxd6 Nge6 20. Be5 Rd8 21. d5
cxd5 22. cxd5 Nxd5 23. f4 Nb4 24. Qc4 Rxd1 25. Rxd1 Bxe5 26. Qxe6 Bd6 0-1

[Event "Lloyds Bank Masters 18th"]
[Site "London"]
[Date "1994.08.27"]
[Round "8"]
[White "Ragozin, Evgeni"]
[Black "Gual Pascual, Antonio"]
[Result "0-1"]
[WhiteElo "2510"]
[BlackElo "2395"]
[PlyCount "111"]
[EventDate "1994.08.20"]
[EventType "swiss"]
[EventRounds "10"]
[EventCountry "ENG"]
[SourceTitle "BritBase"]

1. c4 f5 2. Nc3 Nf6 3. g3 g6 4. Bg2 Bg7 5. d3 d6 6. e4 Nc6 7. Nge2 O-O 8. O-O
e5 9. Nd5 Kh8 10. Bg5 h6 11. Bxf6 Bxf6 12. Nxf6 Qxf6 13. exf5 Bxf5 14. Qd2 g5
15. Nc3 Qg6 16. Rad1 Nd4 17. Nb5 Bh3 18. Nxd4 Bxg2 19. Kxg2 exd4 20. f4 Rae8
21. fxg5 hxg5 22. Rxf8+ Rxf8 23. Re1 Re8 24. Rxe8+ Qxe8 25. Kf1 Qe5 26. Qe2
Qf5+ 27. Ke1 c6 28. Qf2 Qe5+ 29. Kd1 Kg7 30. Qf3 d5 31. cxd5 cxd5 32. h4 gxh4
33. Qg4+ Kf7 34. gxh4 Kf6 35. h5 Qg5 36. Qxd4+ Ke6 37. Qxa7 Qxh5+ 38. Kd2 Qh2+
39. Kc3 Qc7+ 40. Kb3 Qc6 41. a4 Kd7 42. Kb4 Qd6+ 43. Qc5 Qe5 44. Qb5+ Kc7 45.
Kc5 Kb8 46. Qb6 Qe2 47. Qd8+ Ka7 48. Qa5+ Kb8 49. Qc3 Qe6 50. Kb4 Qb6+ 51. Ka3
Qe3 52. Ka2 {Score sheet moves not clear enough to decipher.} Qf4 53. Kb3 Qe3
54. Ka3 Qe7+ 55. b4 Qe3 56. b5 {Game 0-1 after 80 moves} 0-1

[Event "Lloyds Bank Masters 18th"]
[Site "London"]
[Date "1994.08.27"]
[Round "8"]
[White "Rossiter, Philip J"]
[Black "Marusenko, Petr"]
[Result "1/2-1/2"]
[WhiteElo "2380"]
[BlackElo "2235"]
[PlyCount "90"]
[EventDate "1994.08.20"]
[EventType "swiss"]
[EventRounds "10"]
[EventCountry "ENG"]
[SourceTitle "BritBase"]

1. d4 e6 2. e4 d5 3. exd5 exd5 4. Nf3 Bd6 5. c4 Bg4 6. c5 Be7 7. Qb3 Bc8 8. Nc3
Nf6 9. Bd3 O-O 10. O-O c6 11. Re1 b6 12. cxb6 axb6 13. Bg5 Be6 14. Re2 Ra7 15.
Qc2 h6 16. Bh4 Na6 17. Bxa6 Rxa6 18. Ne5 Qc8 19. Rae1 Bd8 20. a3 Ra5 21. Qd2
Ne4 22. Nxe4 Bxh4 23. Ng3 Re8 24. Nd3 Bf6 25. Nb4 Rd8 26. Nh5 Bg5 27. f4 Bh4
28. g3 Bg4 29. gxh4 Bxh5 30. Rg2 c5 31. Nd3 cxd4 32. Qf2 Ra4 33. f5 Re8 34. f6
Rxe1+ 35. Qxe1 g6 36. Nf4 Rc4 37. Nd3 Kh7 38. Qe7 Rc7 39. Qe5 Rc2 40. Qxd4
Rxg2+ 41. Kxg2 Qf5 42. Ne5 Qxf6 43. Qxd5 Kg7 44. Qd4 Be2 45. Kg3 Ba6 1/2-1/2

[Event "Lloyds Bank Masters 18th"]
[Site "London"]
[Date "1994.08.27"]
[Round "8"]
[White "Rotman, Daniel"]
[Black "Lane, Gary William"]
[Result "0-1"]
[WhiteElo "2240"]
[BlackElo "2440"]
[PlyCount "58"]
[EventDate "1994.08.20"]
[EventType "swiss"]
[EventRounds "10"]
[EventCountry "ENG"]
[SourceTitle "BritBase"]

1. e4 e5 2. Nf3 Nc6 3. Bb5 a6 4. Ba4 Nf6 5. O-O Be7 6. Re1 b5 7. Bb3 d6 8. c3
O-O 9. d4 Bg4 10. Be3 Re8 11. Nbd2 exd4 12. cxd4 Na5 13. e5 Nd7 14. Bc2 Nf8 15.
b3 dxe5 16. dxe5 Bb4 17. h3 Bh5 18. Be4 c6 19. Qc2 Qe7 20. a3 Bxf3 21. Bxf3
Bxa3 22. Rxa3 Qxa3 23. Bc5 b4 24. Bd4 Rad8 25. Ra1 Rxd4 26. Rxa3 bxa3 27. Qc3
Rxe5 28. Nf1 Ne6 29. b4 a2 0-1

[Event "Lloyds Bank Masters 18th"]
[Site "London"]
[Date "1994.08.27"]
[Round "8"]
[White "Saunders, John C"]
[Black "Ansell, Simon T"]
[Result "1/2-1/2"]
[WhiteElo "2225"]
[BlackElo "2305"]
[PlyCount "85"]
[EventDate "1994.08.20"]
[EventType "swiss"]
[EventRounds "10"]
[EventCountry "ENG"]
[SourceTitle "BritBase"]

1. e4 c5 2. c3 e5 3. Bc4 Nc6 4. Nf3 Qc7 5. O-O Be7 6. Na3 a6 7. d4 d6 8. dxc5
dxc5 9. h3 Nf6 10. Bd5 O-O 11. Nc4 Rd8 12. Qb3 b5 13. Ne3 c4 14. Qc2 Nxd5 15.
Nxd5 Qd6 16. Be3 Bf8 17. Rad1 Qg6 18. Kh2 Bb7 19. Nh4 Qh5 20. Nf5 f6 21. Bb6
Rdc8 22. Nc7 Rab8 23. Rd7 Rd8 24. g4 Qg6 25. Rxd8 Nxd8 26. f3 Qf7 27. Rd1 Ne6
28. Nxe6 Qxe6 29. Bc7 Re8 30. Bd6 g6 31. Bxf8 Rxf8 32. Rd6 Qe8 33. Ne3 Qb8 34.
Qd2 Bc8 35. Qd5+ Kg7 36. g5 Qc7 37. gxf6+ Rxf6 38. Rxf6 Kxf6 39. Qg8 Be6 40.
Qh8+ Qg7 41. Qd8+ Qe7 42. Qh8+ Qg7 43. Qd8+ 1/2-1/2

[Event "Lloyds Bank Masters 18th"]
[Site "London"]
[Date "1994.08.27"]
[Round "8"]
[White "Savchenko, Stanislav"]
[Black "Zilberman, Yaacov"]
[Result "1-0"]
[WhiteElo "2570"]
[BlackElo "2460"]
[PlyCount "113"]
[EventDate "1994.08.20"]
[EventType "swiss"]
[EventRounds "10"]
[EventCountry "ENG"]
[SourceTitle "BritBase"]

1. d4 d5 2. c4 dxc4 3. e4 Nf6 4. e5 Nd5 5. Bxc4 Nb6 6. Bb3 Nc6 7. Ne2 Bf5 8.
Nbc3 e6 9. a3 Be7 10. O-O Qd7 11. Be3 Rd8 12. Ba2 O-O 13. b4 a6 14. Qc1 f6 15.
Rd1 fxe5 16. dxe5 Qe8 17. Ng3 Qg6 18. f4 Bd3 19. Bc5 Kh8 20. Qe3 Bxc5 21. bxc5
Nc4 22. Qc1 Nd4 23. f5 exf5 24. Rxd3 Nxe5 25. Rxd4 Rxd4 26. Qe3 Nc6 27. Rf1 f4
28. Nge2 f3 29. Rxf3 Rxf3 30. Qxf3 Rd8 31. Bd5 Qg5 32. h3 Ne7 33. Bxb7 Qxc5+
34. Kh1 Qxa3 35. Be4 Ng8 36. Bxh7 Rf8 37. Qd3 Rf1+ 38. Ng1 Qa1 39. Nb1 Qf6 40.
Nd2 Rc1 41. Be4 a5 42. Ndf3 a4 43. Qa3 Ra1 44. Qc5 a3 45. Qh5+ Qh6 46. Qe8 Qe3
47. Qa8 Rd1 48. Bd5 Rxd5 49. Qxd5 Nf6 50. Qd8+ Kh7 51. Qxc7 a2 52. Qa5 Ne4 53.
g4 Nc3 54. h4 Qc1 55. Ng5+ Kh6 56. Qa6+ g6 57. Qa7 1-0

[Event "Lloyds Bank Masters 18th"]
[Site "London"]
[Date "1994.08.27"]
[Round "8"]
[White "Sheldon, Ruth"]
[Black "O'Siochru, Mairead Maura"]
[Result "1/2-1/2"]
[WhiteElo "2120"]
[BlackElo "2060"]
[PlyCount "51"]
[EventDate "1994.08.20"]
[EventType "swiss"]
[EventRounds "10"]
[EventCountry "ENG"]
[SourceTitle "BritBase"]

1. d4 Nf6 2. c4 e6 3. Nc3 Bb4 4. Bg5 h6 5. Bh4 c5 6. d5 d6 7. e3 Bxc3+ 8. bxc3
e5 9. Bd3 Nbd7 10. Ne2 O-O 11. O-O Re8 12. f4 e4 13. Bc2 Qa5 14. h3 Nb6 15.
Bxf6 Nxc4 16. Bd4 cxd4 17. Qxd4 Qc5 18. Qxc5 dxc5 19. Kf2 b6 20. Rfd1 Nd6 21.
a4 Ba6 22. g4 Bxe2 23. Kxe2 g6 24. Bb3 f6 25. Rf1 Kf7 26. Kf2 1/2-1/2